Vysoký kredit Fakulta zdravotníctva PU má výrazný podiel na modernizácii pracovísk nemocnice

Bibliographic Details
Other Authors: Zamborský, Viktor (Photographer)
Format: Article
Language:Slovak
PhysicalDescription:Fotogr.
ISSN:1336-4030
Subjects:
Online Access:www.vecernik.po.sk

MARC

LEADER 00000nab a2200000 a 4500
001 vtls008941322
003 SK-MaSNL
005 20260303070826.0
008 070131c20061019xo dr n 000 00slo
038 |a SVKPOCL 
040 |a SVKPOCL  |b slo  |c AACR2  |e AACR2 
041 |a slo 
044 |a xo  |c SK 
080 |a 378.4.096(437.671.117.176):61  |2 2001 
245 0 0 |a Vysoký kredit  |b Fakulta zdravotníctva PU má výrazný podiel na modernizácii pracovísk nemocnice  |c [autor] (ado) ;. foto: Viktor Zamborský 
300 |a Fotogr. 
600 1 7 |a Eliašová, Anna,  |d 1949-  |2 svkpocl  |9 19593 
610 2 7 |a Prešovská univerzita v Prešove.  |b Fakulta zdravotníctva  |2 svkpocl  |9 178024 
651 7 |a Prešov (Slovensko)  |2 svkpocl  |9 17347 
700 1 |a Zamborský, Viktor  |4 pht  |9 283325 
773 0 |t Prešovský večerník  |g Roč. XVII, č. 4063 (19.10.2006), s. 4  |x 1336-4030 
852 |a SVKPO  |b KIS3GCP 
856 4 1 |u www.vecernik.po.sk 
958 |a RG 
999 |c 1757097  |d 1759027